[Event "9th Asrian Memorial 2016"]
[Site "Yerevan ARM"]
[Date "2016.06.17"]
[Round "2.14"]
[White "Baghdasaryan, Vahe"]
[Black "Yeritsyan, Hayk"]
[Result "1-0"]
[WhiteTitle "IM"]
[WhiteElo "2452"]
[BlackElo "2082"]
[WhiteFideId "13303139"]
[BlackFideId "13307320"]
[EventDate "2016.06.16"]

1. e4 c5 2. Nf3 Nc6 3. Nc3 e5 4. Bc4 Be7 5. d3 d6 6. a3 Nf6 7. h3 O-O 8. Be3 Be6
9. Ng5 d5 10. exd5 Bxd5 11. Nxd5 Nxd5 12. Qh5 h6 13. Ne4 b5 14. Ba2 c4 15. dxc4
Nxe3 16. fxe3 b4 17. O-O bxa3 18. bxa3 Bg5 19. Nxg5 Qxg5 20. Qxg5 hxg5 21. c5
Rac8 22. Rf5 g6 23. Rxg5 Kg7 24. Rb1 Kh6 25. Rg4 Rc7 26. Rd1 Ne7 27. Rc4 Rfc8
28. Re4 Rxc5 29. Bxf7 Nf5 30. c4 R8c6 31. Bd5 Ra6 32. g4 Nh4 33. Rf1 Rxa3 34.
Rxe5 Rca5 35. Rf6 Rxd5 36. cxd5 Kg7 37. Rf1 Rd3 38. g5 Rd2 39. Re7+ Kg8 40. Ref7
Rg2+ 41. Kh1 1-0

[Event "9th Asrian Memorial 2016"]
[Site "Yerevan ARM"]
[Date "2016.06.17"]
[Round "2.15"]
[White "Matevosyan, Sedrak"]
[Black "Zubov, Alexander"]
[Result "0-1"]
[BlackTitle "GM"]
[WhiteElo "2077"]
[BlackElo "2627"]
[WhiteFideId "13302035"]
[BlackFideId "14109409"]
[EventDate "2016.06.16"]

1. Nf3 d5 2. d4 Nf6 3. c4 dxc4 4. e3 Bg4 5. Bxc4 e6 6. Nc3 a6 7. h3 Bh5 8. O-O
Nc6 9. b3 Bd6 10. Bb2 O-O 11. Be2 Re8 12. Rc1 Qe7 13. Ne5 Bxe2 14. Nxc6 Bxd1 15.
Nxe7+ Rxe7 16. Rfxd1 Rd8 17. Na4 Red7 18. Kf1 Nd5 19. e4 Nb4 20. a3 Nc6 21. Nc5
Bxc5 22. Rxc5 Ne7 23. Rdc1 c6 24. Ke2 f5 25. f3 Rf8 26. Ke3 Ng6 27. a4 fxe4 28.
fxe4 Nf4 29. R1c2 Rdf7 30. Ba3 Rf6 31. R5c4 R8f7 32. Bd6 Nd5+ 33. Kd3 Rg6 34.
Re2 Nb6 35. Rcc2 Rgf6 36. Bg3 Rf1 37. Re1 h6 38. Ke2 R1f6 39. Ke3 Nd7 40. Rf2
Rxf2 41. Bxf2 e5 42. Bg3 exd4+ 43. Kxd4 Rf6 44. e5 Re6 45. Rf1 a5 46. Rf3 b6 47.
Bf4 h5 48. h4 Kf7 49. Bg5+ Ke8 50. Bf4 Nc5 51. Rg3 Re7 52. Kc4 Kf7 53. Be3 Nd7
54. Rg5 Rxe5 55. Rxe5 Nxe5+ 56. Kd4 Ke6 57. Bf4 c5+ 58. Ke4 Nd7 59. Bc7 Nf6+ 60.
Kd3 Nd5 61. Bd8 Kd7 62. Bg5 Nb4+ 63. Ke4 Nc6 64. Kf5 Nd4+ 65. Kg6 Nxb3 66. Kxg7
b5 67. g4 hxg4 68. h5 Nd4 69. Kf6 Ne6 70. Be3 bxa4 71. h6 a3 72. Bc1 a2 73. Bb2
Nf8 74. Kf7 Nh7 75. Kg6 Ke6 0-1

[Event "9th Asrian Memorial 2016"]
[Site "Yerevan ARM"]
[Date "2016.06.17"]
[Round "2.16"]
[White "Tiraturyan, David"]
[Black "Kotanjian, Tigran"]
[Result "0-1"]
[BlackTitle "GM"]
[WhiteElo "2235"]
[BlackElo "2485"]
[WhiteFideId "13304402"]
[BlackFideId "13301250"]
[EventDate "2016.06.16"]

1. e4 c5 2. Nf3 Nc6 3. Bb5 g6 4. O-O Bg7 5. Bxc6 bxc6 6. Re1 Nh6 7. c3 O-O 8. d4
Qb6 9. Na3 cxd4 10. cxd4 d5 11. h3 dxe4 12. Rxe4 Be6 13. Ne5 Nf5 14. Nac4 Qa6
15. b3 Rfd8 16. Bb2 c5 17. Qe2 cxd4 18. g4 Nh4 19. Nd3 Bd5 20. Nb4 Qb7 21. Nxd5
Qxd5 22. Qd3 f5 23. gxf5 Qxf5 24. f4 Rd7 25. Rd1 Rf8 26. Bc1 g5 27. Ne5 Bxe5 28.
Rxe5 Nf3+ 29. Qxf3 Qxe5 30. Qg3 Qf5 31. Re1 Qg6 32. fxg5 Qf5 33. Bd2 e5 34. Bb4
Rff7 35. Qxe5 Qxe5 36. Rxe5 d3 37. Re8+ Kg7 38. Re1 Kg6 39. Bd2 Rde7 40. Rc1 Re2 0-1

[Event "9th Asrian Memorial 2016"]
[Site "Yerevan ARM"]
[Date "2016.06.17"]
[Round "2.17"]
[White "Martirosyan, Haik M."]
[Black "Grigoryan, Arpine"]
[Result "1-0"]
[WhiteTitle "IM"]
[WhiteElo "2443"]
[BlackElo "1978"]
[WhiteFideId "13306553"]
[BlackFideId "13307231"]
[EventDate "2016.06.16"]

1. d4 Nf6 2. c4 e6 3. Nf3 b6 4. g3 Ba6 5. b3 Bb4+ 6. Bd2 Be7 7. Bg2 c6 8. O-O d5
9. Bc3 O-O 10. Nbd2 Nbd7 11. Qc2 Rc8 12. e4 dxe4 13. Nxe4 Nxe4 14. Qxe4 b5 15.
Rfd1 bxc4 16. Qe2 Nb6 17. Ne5 Nd5 18. Be1 Bf6 19. bxc4 Qe7 20. Qc2 Bxe5 21. dxe5
Nb6 22. c5 Nd5 23. Rd4 Bb5 24. Bd2 f5 25. h4 Rb8 26. Re1 Kh8 27. Kh2 f4 28. Kg1
fxg3 29. fxg3 Rf5 30. Be4 Rxe5 31. Bxh7 Rxe1+ 32. Bxe1 Rf8 33. Bd3 Qf6 34. Re4
Bxd3 35. Qxd3 Qg6 36. Qd4 Qf5 37. Qc4 Qf3 38. Qe2 Qxe2 39. Rxe2 Re8 40. Re4 Kg8
41. Ra4 Re7 42. Ra6 Rc7 43. Kg2 Kf7 44. Kh3 Ne7 45. Bc3 Rb7 46. Be5 Nd5 47. Rxc6
Nb4 48. Rc8 1-0

[Event "9th Asrian Memorial 2016"]
[Site "Yerevan ARM"]
[Date "2016.06.17"]
[Round "2.18"]
[White "Petrosyan, Manuel"]
[Black "Sargsyan, Anna M."]
[Result "1-0"]
[WhiteTitle "IM"]
[WhiteElo "2518"]
[BlackElo "1948"]
[WhiteFideId "13300857"]
[BlackFideId "13308130"]
[EventDate "2016.06.16"]

1. c4 c6 2. g3 d5 3. Bg2 Nf6 4. Nf3 Bf5 5. O-O e6 6. cxd5 cxd5 7. Qb3 b6 8. d3
Nbd7 9. Nc3 Be7 10. Nd4 Bg6 11. Nc6 Nc5 12. Qa3 Qc7 13. Nxe7 Qxe7 14. Bf4 Nb7
15. Qa4+ Qd7 16. Qxd7+ Nxd7 17. Nxd5 exd5 18. Bxd5 Ndc5 19. b4 Rd8 20. Bc6+ Ke7
21. bxc5 Nxc5 22. Be3 Ne6 23. Rfc1 f6 24. a4 Nd4 25. Bxd4 Rxd4 26. Bb5 Kd8 27.
Rc3 1-0

[Event "9th Asrian Memorial 2016"]
[Site "Yerevan ARM"]
[Date "2016.06.17"]
[Round "2.19"]
[White "Shmavonyan, Areg"]
[Black "Davtyan, Artur"]
[Result "0-1"]
[WhiteElo "1995"]
[BlackElo "2239"]
[WhiteFideId "13309420"]
[BlackFideId "13308327"]
[EventDate "2016.06.16"]

1. Nf3 Nf6 2. c4 c5 3. Nc3 d5 4. cxd5 Nxd5 5. g3 Nc6 6. Bg2 Nc7 7. O-O e6 8. d3
Be7 9. Be3 O-O 10. Rc1 e5 11. Na4 b6 12. b4 Nxb4 13. Nxe5 Nbd5 14. Nc6 Qe8 15.
Nxe7+ Qxe7 16. Bd2 Bg4 17. Re1 Rad8 18. Qb3 Be6 19. Qb2 Qd7 20. Nc3 Bh3 21. Bh1
Rfe8 22. Rcd1 Nf6 23. Ne4 Nxe4 24. Bxe4 h6 25. Bh1 Ne6 26. Bc3 Bg4 27. f3 Bh5
28. e3 f5 29. d4 cxd4 30. Bxd4 Nxd4 31. exd4 Rxe1+ 32. Rxe1 Qxd4+ 33. Qxd4 Rxd4
34. f4 Bf7 35. a3 Rc4 36. Kf2 Kf8 37. Re5 Rc2+ 38. Re2 Rc1 39. Bf3 Bc4 40. Re3
Rc2+ 41. Kg1 Kf7 42. a4 Be6 43. h4 Kf6 44. Kf1 Bd7 45. Ra3 Rc5 46. Kf2 Ra5 47.
Bd1 Ke7 48. Ke2 Kd6 49. Rd3+ Rd5 50. Bb3 Rxd3 51. Kxd3 Be6 52. Bd1 Kc5 53. Kc3
a6 54. h5 b5 55. axb5 axb5 56. Bf3 b4+ 57. Kd3 Bc4+ 58. Kd2 Kd4 59. g4 Bd3 60.
gxf5 b3 0-1

[Event "9th Asrian Memorial 2016"]
[Site "Yerevan ARM"]
[Date "2016.06.17"]
[Round "2.20"]
[White "Karapetyan, Lusine"]
[Black "Gavrish, Leonid"]
[Result "1/2-1/2"]
[WhiteElo "1961"]
[BlackElo "2212"]
[WhiteFideId "13303163"]
[BlackFideId "14110040"]
[EventDate "2016.06.16"]

1. e4 d6 2. d4 Nf6 3. Nc3 g6 4. Be3 c6 5. Nf3 Bg7 6. h3 O-O 7. a4 b6 8. Be2 Bb7
9. O-O c5 10. e5 Ne4 11. Nxe4 Bxe4 12. c3 cxd4 13. Qxd4 Bb7 14. Qf4 dxe5 15.
Nxe5 Qc7 16. Nxg6 e5 17. Qc4 Qxc4 18. Ne7+ Kh8 19. Bxc4 f5 20. f4 Nd7 21. a5
Rae8 22. Nd5 Rc8 23. Ba2 exf4 24. Nxf4 Nc5 25. axb6 axb6 26. Bxc5 bxc5 27. Ne6
Rf6 28. Nxg7 Kxg7 29. Rad1 Bc6 30. Bd5 Rb8 31. Bxc6 Rxc6 32. Rxf5 Rxb2 33. Rdd5
Rc2 34. Rg5+ Kf7 35. Rdf5+ Ke6 36. Rxc5 Rxc3 37. Rxc3 Rxc3 38. Rg7 h5 39. Rg5 h4
40. Rg4 Kf5 41. Rxh4 Kg5 42. Rg4+ Kh5 43. Kh2 Ra3 44. Rg3 Ra5 45. Rb3 Rg5 46.
g4+ Kh4 47. Rb8 Rg8 48. Rb5 Rh8 49. Kg2 Rh7 50. Kf3 Rh8 51. Kf4 Rf8+ 52. Rf5 Rh8
53. Ke5 Rh6 54. Rf6 Rh8 55. Ke6 Kg5 56. Rf5+ Kg6 57. Rf3 Re8+ 58. Kd5 Rh8 59.
Ke5 Kg5 60. Rf5+ Kg6 61. Kf4 Rxh3 62. Ra5 Rb3 63. Ra6+ Kg7 64. Kg5 Rb5+ 1/2-1/2

[Event "9th Asrian Memorial 2016"]
[Site "Yerevan ARM"]
[Date "2016.06.17"]
[Round "2.21"]
[White "Hairapetian, Anna"]
[Black "Chubar, Vladimir"]
[Result "1-0"]
[WhiteTitle "WIM"]
[BlackTitle "IM"]
[WhiteElo "2184"]
[BlackElo "2007"]
[WhiteFideId "13303554"]
[BlackFideId "14101491"]
[EventDate "2016.06.16"]

1. e4 e6 2. d4 d5 3. e5 Ne7 4. Nf3 Qd7 5. c3 b6 6. Na3 Ba6 7. Bxa6 Nxa6 8. Qe2
Nb8 9. Bf4 Ng6 10. Bg3 Bxa3 11. bxa3 Nc6 12. h4 h5 13. O-O Nce7 14. Rac1 Nf5 15.
c4 Nge7 16. c5 Nxg3 17. fxg3 Nf5 18. Kh2 Qa4 19. cxb6 cxb6 20. Rc7 O-O 21. Ng5
Nh6 22. Rf4 Rac8 23. Qd3 Nf5 24. Rxc8 Rxc8 25. Rxf5 exf5 26. Qxf5 Qe8 27. Qh7+
Kf8 28. Qh8+ Ke7 29. Qxg7 Rc6 30. e6 Qf8 31. Qh7 Rxe6 32. Nxe6 Kxe6 33. Qxh5 f6
34. Qg4+ Kd6 35. h5 Kc7 36. Qg6 Kc6 37. h6 Kb5 38. h7 Kc4 39. Kg1 Kxd4 40. Qg8 1-0

[Event "9th Asrian Memorial 2016"]
[Site "Yerevan ARM"]
[Date "2016.06.17"]
[Round "2.22"]
[White "Kshtoyan, Indat"]
[Black "Mkrtchyan, Sargis R."]
[Result "0-1"]
[WhiteElo "1939"]
[BlackElo "2183"]
[WhiteFideId "13304801"]
[BlackFideId "13307878"]
[EventDate "2016.06.16"]

1. d4 Nf6 2. Nf3 g6 3. Bg5 Bg7 4. e3 O-O 5. Bd3 d6 6. Nbd2 c5 7. c3 Qb6 8. Qb3
Be6 9. Qxb6 axb6 10. O-O h6 11. Bxf6 Bxf6 12. a4 Rd8 13. Rfb1 Bd7 14. d5 Be8 15.
Bb5 Ra5 16. Bxe8 Rxe8 17. Nc4 Ra6 18. Rc1 Nd7 19. b3 Bg7 20. e4 Rea8 21. Rab1 b5
22. axb5 Ra2 23. Nfd2 f5 24. Kf1 Nf6 25. f3 h5 26. Rb2 Bh6 27. Rcc2 Ra1+ 28. Rb1
fxe4 29. Nb6 Bxd2 0-1

[Event "9th Asrian Memorial 2016"]
[Site "Yerevan ARM"]
[Date "2016.06.17"]
[Round "2.23"]
[White "Movsisyan, Vardan"]
[Black "Hoghmrtsyan, Artur"]
[Result "1-0"]
[WhiteElo "2179"]
[BlackElo "1870"]
[WhiteFideId "13301799"]
[BlackFideId "13306685"]
[EventDate "2016.06.16"]

1. e4 e5 2. Nf3 Nc6 3. Bc4 Bc5 4. O-O Nf6 5. d4 Bxd4 6. Nxd4 Nxd4 7. f4 d6 8.
fxe5 dxe5 9. Bg5 Be6 10. Na3 Qe7 11. c3 Bxc4 12. Nxc4 Ne6 13. Bxf6 Qc5+ 14. Rf2
gxf6 15. Qd5 Qxd5 16. exd5 Nf4 17. Ne3 O-O-O 18. c4 Rhg8 19. Kf1 Rg6 20. Rd1 Rh6
21. g3 Nh3 22. Rf5 Rg6 23. Rh5 Ng5 24. Nf5 Kb8 25. Ke2 Re8 26. Ke3 e4 27. h4 Nf3
28. Rxh7 Ne5 29. Rd4 Rg4 30. c5 c6 31. d6 b6 32. d7 Rd8 33. cxb6 axb6 34. b3 Kc7
35. Rg7 c5 36. Rd2 Rg6 37. Kxe4 Rxd7 38. Rxd7+ Kxd7 39. h5 Rxg7 40. Nxg7 Ke7 41.
h6 Ng6 42. h7 Kd6 43. Nh5 Ke7 44. Nf4 1-0

[Event "9th Asrian Memorial 2016"]
[Site "Yerevan ARM"]
[Date "2016.06.17"]
[Round "2.24"]
[White "Barseghyan, Armen Ar."]
[Black "Babayan, Armine"]
[Result "1/2-1/2"]
[WhiteElo "1849"]
[BlackElo "2169"]
[WhiteFideId "13306707"]
[BlackFideId "13304135"]
[EventDate "2016.06.16"]

1. d4 Nf6 2. Nf3 b6 3. e3 Bb7 4. Bd3 d6 5. O-O Nbd7 6. Re1 c5 7. e4 cxd4 8. Nxd4
g6 9. c4 Bg7 10. Nc3 O-O 11. Bf1 Rc8 12. f3 a6 13. Be3 e6 14. Qd2 Qc7 15. Rac1
Qb8 16. Red1 Ne5 17. b3 Rfd8 18. Qf2 d5 19. cxd5 exd5 20. exd5 Nxd5 21. Nxd5
Rxd5 22. Rxc8+ Qxc8 23. Kh1 b5 24. a4 bxa4 25. bxa4 h5 26. Rc1 Qd7 27. Nb3 Nd3
28. Bxd3 Rxd3 29. Nc5 Rd1+ 30. Rxd1 Qxd1+ 31. Qg1 Bxf3 32. Qxd1 Bxd1 33. Nxa6
Bxa4 34. Nc5 Bc6 35. Kg1 Bf6 36. Kf2 g5 37. g3 Kg7 38. Nb3 Kg6 39. Bd4 Bd8 40.
Be3 Bd5 41. Nd4 Bb6 42. Nf5 Bd8 43. Nd4 Kf6 44. Nb5 Kf5 45. Nc3 Bc6 46. Bc5 Kg4
47. Nd1 Ba4 48. Nb2 Bc2 49. Nc4 Kh3 50. Kg1 Bb3 51. Ne5 Bc7 52. Nd3 Kg4 53. Nf2+
Kf3 54. Bd4 Bc2 55. Bc5 g4 56. Bd4 f5 57. Bc5 f4 58. gxf4 Bxf4 59. Bb6 h4 60.
Bc5 h3 61. Nh1 Be4 62. Ng3 Bg6 63. Bb6 Bxg3 64. hxg3 Kxg3 65. Bc7+ 1/2-1/2

[Event "9th Asrian Memorial 2016"]
[Site "Yerevan ARM"]
[Date "2016.06.17"]
[Round "2.25"]
[White "Zhylkaidarova, Sholpan"]
[Black "Nazaryan, Armenak"]
[Result "0-1"]
[WhiteTitle "WFM"]
[WhiteElo "2164"]
[BlackElo "1845"]
[WhiteFideId "13700138"]
[BlackFideId "13304747"]
[EventDate "2016.06.16"]

1. d4 d5 2. c4 e6 3. Nc3 c6 4. e4 dxe4 5. Nxe4 Bb4+ 6. Nc3 c5 7. a3 Ba5 8. Be3
Nf6 9. Nf3 Ne4 10. Qc2 Nxc3 11. bxc3 cxd4 12. Bxd4 O-O 13. Bd3 f5 14. O-O Nc6
15. Bc5 Re8 16. Rfe1 Qf6 17. Nd4 Bd7 18. f4 Bc7 19. Nxc6 Bxc6 20. Bd4 e5 21.
fxe5 Bxe5 22. Bxe5 Rxe5 23. Rxe5 Qxe5 24. Bxf5 Rf8 25. Rf1 g6 26. Bd3 Qc5+ 27.
Kh1 Rxf1+ 28. Bxf1 Qxa3 29. Qd3 a5 30. c5 Qxc5 31. Qd8+ Kg7 32. Qc7+ Kh6 33.
Qf4+ Kg7 34. Qc7+ Kg8 35. Qd8+ Kf7 36. Qc7+ Kf6 37. Qxh7 Qf2 38. Qh8+ Ke7 39.
Qe5+ Kd7 40. Qg7+ Kc8 41. Qh8+ Kc7 42. Qe5+ Kb6 43. Qd4+ Qxd4 44. cxd4 a4 45.
Bc4 Ka5 46. d5 Bd7 47. Kg1 b5 48. Bd3 a3 49. Bb1 b4 50. Ba2 Ka4 0-1

[Event "9th Asrian Memorial 2016"]
[Site "Yerevan ARM"]
[Date "2016.06.17"]
[Round "2.26"]
[White "Golikov, Sergei"]
[Black "Hakobyan, Hovhannes H."]
[Result "0-1"]
[WhiteElo "1774"]
[BlackElo "2161"]
[WhiteFideId "34103330"]
[BlackFideId "13306308"]
[EventDate "2016.06.16"]

1. d4 Nf6 2. Nc3 e6 3. Bg5 d5 4. e4 dxe4 5. Nxe4 Be7 6. Nxf6+ gxf6 7. Bf4 a6 8.
Nf3 c5 9. Be3 cxd4 10. Qxd4 Bd7 11. O-O-O Nc6 12. Qb6 Nb4 13. Bc4 Qc8 14. Bb3
Bc6 15. Bd4 O-O 16. Rhg1 a5 17. Bc3 a4 18. Bxb4 axb3 19. axb3 Ra1+ 20. Kd2 Ra6
21. Qd4 Rd8 22. Bxe7 Rxd4+ 23. Nxd4 e5 24. Nxc6 Rxc6 25. Ba3 Rxc2+ 26. Ke3 Qf5
27. Rd8+ Kg7 28. Rgd1 Qxf2+ 29. Ke4 Qxg2+ 30. Ke3 Qe2# 0-1

[Event "9th Asrian Memorial 2016"]
[Site "Yerevan ARM"]
[Date "2016.06.17"]
[Round "2.27"]
[White "Golikov, Daniil"]
[Black "Arakelyan, Nare"]
[Result "1-0"]
[WhiteElo "2142"]
[BlackElo "1766"]
[WhiteFideId "24170623"]
[BlackFideId "13307657"]
[EventDate "2016.06.16"]

1. c4 Nf6 2. Nc3 g6 3. g3 Bg7 4. Bg2 c5 5. e4 d6 6. Nge2 Nc6 7. O-O O-O 8. d3 a6
9. h3 Rb8 10. f4 b5 11. e5 Nxe5 12. fxe5 dxe5 13. Be3 Qc7 14. Nd5 Qd6 15. Nec3
Rd8 16. Rxf6 exf6 17. Ne4 Qe6 18. Nxc5 Qe8 19. Nc7 Qe7 20. N5xa6 bxc4 21. Bc5
Qd7 22. Nxb8 Qxc7 23. Nc6 Rxd3 24. Qa4 Bb7 25. Ne7+ 1-0

[Event "9th Asrian Memorial 2016"]
[Site "Yerevan ARM"]
[Date "2016.06.17"]
[Round "2.28"]
[White "Abrahamyan, Rashid"]
[Black "Gharibyan, Mamikon"]
[Result "0-1"]
[BlackTitle "CM"]
[WhiteElo "1756"]
[BlackElo "2085"]
[WhiteFideId "13304054"]
[BlackFideId "13308300"]
[EventDate "2016.06.16"]

1. e4 c5 2. c3 Nf6 3. e5 Nd5 4. d4 cxd4 5. Nf3 Nc6 6. cxd4 d6 7. Nc3 Nxc3 8.
bxc3 g6 9. e6 fxe6 10. h4 Qa5 11. Bd2 Bg7 12. Rb1 e5 13. Qb3 Bf5 14. Rb2 Qb6 15.
Qa3 Qc7 16. d5 Nd8 17. Bb5+ Bd7 18. Qa4 a6 19. Bxd7+ Qxd7 20. Qxd7+ Kxd7 21. h5
Rc8 22. hxg6 hxg6 23. Rxh8 Bxh8 24. Rb4 Bf6 25. Rg4 Rc5 26. c4 b5 27. cxb5 axb5
28. Rxg6 Rxd5 29. Rg4 Nc6 30. a4 b4 31. Be3 Ra5 0-1

[Event "9th Asrian Memorial 2016"]
[Site "Yerevan ARM"]
[Date "2016.06.17"]
[Round "2.29"]
[White "Korniyuk, Mariya"]
[Black "Mashalov, Aliniyaz"]
[Result "1-0"]
[WhiteTitle "WFM"]
[WhiteElo "2082"]
[BlackElo "1680"]
[WhiteFideId "14118874"]
[BlackFideId "14004003"]
[EventDate "2016.06.16"]

1. e4 c5 2. c3 Nf6 3. e5 Nd5 4. g3 d6 5. exd6 exd6 6. Bg2 Nb6 7. Ne2 Nc6 8. O-O
Be7 9. d4 O-O 10. Na3 cxd4 11. Nxd4 Nxd4 12. Qxd4 Qc7 13. Nb5 Qc5 14. Qxc5 dxc5
15. Re1 Bf6 16. Nd6 Na4 17. Ne4 Be7 18. b3 Nb6 19. Ba3 Nd7 20. Rad1 a5 21. Nd6
Bxd6 22. Rxd6 Ra7 23. Re7 b6 24. Rxb6 Nxb6 25. Rxa7 Rd8 26. h4 Rd1+ 27. Kh2 Rd2
28. Bxc5 1-0

[Event "9th Asrian Memorial 2016"]
[Site "Yerevan ARM"]
[Date "2016.06.17"]
[Round "2.30"]
[White "Nanyan, Georgy"]
[Black "Avetisyan, Mariam"]
[Result "1-0"]
[WhiteElo "1570"]
[BlackElo "2050"]
[WhiteFideId "13310100"]
[BlackFideId "13307622"]
[EventDate "2016.06.16"]

1. Nf3 Nf6 2. c4 e6 3. g3 d5 4. Bg2 Be7 5. O-O c5 6. d4 O-O 7. cxd5 Nxd5 8. e4
Nf6 9. Nc3 Nc6 10. d5 exd5 11. exd5 Nb4 12. Ne5 Bf5 13. Nc4 Bd3 14. Ne3 c4 15.
Re1 Bc5 16. a3 Bxe3 17. axb4 Bd4 18. Be3 Bxc3 19. bxc3 Nxd5 20. Bd4 Qd7 21. Qh5
Nxb4 22. Bc5 Nc2 23. Re7 Qd8 24. Rd1 b6 25. Bxa8 Qxa8 26. Bd6 a6 27. Rd7 Qc6 28.
Qxf7+ 1-0

[Event "9th Asrian Memorial 2016"]
[Site "Yerevan ARM"]
[Date "2016.06.17"]
[Round "2.31"]
[White "Sayadyan, Edvard"]
[Black "Hakobyan, Yurik L."]
[Result "1-0"]
[WhiteElo "2016"]
[BlackElo "1544"]
[WhiteFideId "13304909"]
[BlackFideId "13308866"]
[EventDate "2016.06.16"]

1. Nf3 d5 2. g3 Nc6 3. Bg2 e5 4. d3 h6 5. Nbd2 Nf6 6. O-O Bc5 7. c4 Be6 8. b3
Qd7 9. Bb2 d4 10. a3 Bh3 11. b4 Bxg2 12. Kxg2 Bd6 13. c5 Be7 14. Nc4 Qd5 15. b5
e4 16. dxe4 Qxc4 17. bxc6 Bxc5 18. Rc1 Qb5 19. cxb7 Rb8 20. Bxd4 Bxd4 21. Qxd4
O-O 22. Rxc7 Rxb7 23. Rxb7 Qxb7 24. e5 Nd7 25. Rd1 Nb6 26. Qb4 Rc8 27. Rd2 Qa8
28. Rd4 Re8 29. Qb5 Rc8 30. a4 Rc6 31. a5 a6 32. Qd3 Rc8 33. axb6 a5 34. Rd7 a4
35. b7 1-0

[Event "9th Asrian Memorial 2016"]
[Site "Yerevan ARM"]
[Date "2016.06.18"]
[Round "3.1"]
[White "Stupak, Kirill"]
[Black "Ter-Sahakyan, Samvel"]
[Result "1/2-1/2"]
[WhiteTitle "GM"]
[BlackTitle "GM"]
[WhiteElo "2555"]
[BlackElo "2617"]
[WhiteFideId "13503758"]
[BlackFideId "13302531"]
[EventDate "2016.06.16"]

1. Nf3 d5 2. d4 Nf6 3. c4 c6 4. Nc3 e6 5. Bg5 h6 6. Bxf6 Qxf6 7. e3 Nd7 8. Rc1
g6 9. Bd3 Bg7 10. O-O O-O 11. e4 dxc4 12. Bxc4 e5 13. d5 Nb6 14. Bb3 1/2-1/2

[Event "9th Asrian Memorial 2016"]
[Site "Yerevan ARM"]
[Date "2016.06.18"]
[Round "3.2"]
[White "Petrosyan, Tigran S."]
[Black "Gabuzyan, Hovhannes"]
[Result "1/2-1/2"]
[WhiteTitle "IM"]
[BlackTitle "GM"]
[WhiteElo "2478"]
[BlackElo "2614"]
[WhiteFideId "13303678"]
[BlackFideId "13303732"]
[EventDate "2016.06.16"]

1. Nf3 Nf6 2. c4 c6 3. Nc3 d5 4. e3 e6 5. d4 Nbd7 6. Qc2 Bd6 7. Bd3 O-O 8. O-O
dxc4 9. Bxc4 a6 10. Rd1 b5 11. Bd3 Qc7 12. Bd2 c5 13. Ne4 c4 14. Nxd6 Qxd6 15.
Be2 Bb7 16. b3 Rfc8 17. Qb2 Rab8 18. Rac1 Ng4 19. h3 Bxf3 20. Bxf3 Qh2+ 21. Kf1
Ngf6 22. Ke2 Qd6 23. e4 Qc6 24. Bf4 Ra8 25. d5 exd5 26. exd5 Qc5 27. bxc4 bxc4
28. Qc3 Re8+ 29. Kf1 Rac8 30. d6 Qf5 1/2-1/2

[Event "9th Asrian Memorial 2016"]
[Site "Yerevan ARM"]
[Date "2016.06.18"]
[Round "3.3"]
[White "Andriasian, Zaven"]
[Black "Manukyan, Sargis A."]
[Result "1-0"]
[WhiteTitle "GM"]
[WhiteElo "2611"]
[BlackElo "2247"]
[WhiteFideId "13302000"]
[BlackFideId "13303970"]
[EventDate "2016.06.16"]

1. e4 c5 2. Nf3 d6 3. d4 cxd4 4. Nxd4 Nf6 5. Nc3 g6 6. Be2 Bg7 7. O-O O-O 8. Bg5
Nc6 9. Nb3 Be6 10. Re1 Rc8 11. Bf1 Nd7 12. Qd2 a5 13. Rad1 Nb6 14. Bh6 Bxh6 15.
Qxh6 a4 16. Nd4 Nxd4 17. Rxd4 f6 18. a3 Bc4 19. Qd2 Bxf1 20. Rxf1 Qc7 21. Rb4
Qc6 22. Qd4 Nc4 23. Nxa4 e5 24. Qd5+ Qxd5 25. exd5 Nd2 26. Rc1 Rc4 27. Nb6 Rc7
28. f3 e4 29. Kf2 exf3 30. Ke3 Re7+ 31. Kxd2 Re2+ 32. Kd3 Rxg2 33. Rf4 Rxh2 34.
Nd7 1-0

[Event "9th Asrian Memorial 2016"]
[Site "Yerevan ARM"]
[Date "2016.06.18"]
[Round "3.4"]
[White "Harutyunian, Tigran K."]
[Black "Zhigalko, Andrey"]
[Result "1/2-1/2"]
[WhiteTitle "IM"]
[BlackTitle "GM"]
[WhiteElo "2462"]
[BlackElo "2594"]
[WhiteFideId "13303635"]
[BlackFideId "13502247"]
[EventDate "2016.06.16"]

1. Nf3 c5 2. c4 Nc6 3. Nc3 Nf6 4. e3 e6 5. d4 d5 6. cxd5 Nxd5 7. Bd3 Be7 8. O-O
O-O 9. a3 Nxc3 10. bxc3 b6 11. Bb2 Bb7 12. Qe2 Rc8 13. Rad1 cxd4 14. cxd4 Bf6
15. Rfe1 Rc7 16. Bb1 Rd7 17. Bc3 g6 18. Ba2 Qe7 19. Qb2 Rc8 20. e4 Na5 21. Bb4
Qd8 22. Qd2 Nc4 23. Qe2 b5 24. d5 exd5 25. e5 a5 26. Bxa5 Nxa5 27. exf6 Qxf6 28.
Qxb5 Qd8 29. Ne5 Rd6 30. h3 Ba6 31. Qa4 Bc4 32. Nxc4 Nxc4 33. Rd4 Qf6 34. Qd1
Nxa3 35. Rxd5 Nb5 36. Rxd6 1/2-1/2

[Event "9th Asrian Memorial 2016"]
[Site "Yerevan ARM"]
[Date "2016.06.18"]
[Round "3.5"]
[White "Zubov, Alexander"]
[Black "Baghdasaryan, Vahe"]
[Result "1-0"]
[WhiteTitle "GM"]
[BlackTitle "IM"]
[WhiteElo "2627"]
[BlackElo "2452"]
[WhiteFideId "14109409"]
[BlackFideId "13303139"]
[EventDate "2016.06.16"]

1. e4 c5 2. Nf3 d6 3. Bc4 Nc6 4. c3 Nf6 5. Qe2 Bg4 6. h3 Bxf3 7. Qxf3 e6 8. O-O
Be7 9. Bb3 O-O 10. d3 d5 11. exd5 Nxd5 12. Nd2 Qd7 13. a4 Rad8 14. Nc4 Bf6 15.
Bc2 Rfe8 16. Qe4 h6 17. Qg4 e5 18. Qxd7 Rxd7 19. a5 Bg5 20. Be3 Nxe3 21. fxe3
Rb8 22. Kf2 b5 23. axb6 axb6 24. Ke2 b5 25. Nd2 b4 26. Ba4 Rc7 27. Bxc6 Rxc6 28.
c4 g6 29. g4 Rf8 30. Rg1 Kh8 31. Ne4 Bd8 32. Ra7 Bc7 33. Rf1 f5 34. Ng3 h5 35.
gxf5 h4 36. fxg6 Rxf1 37. Nxf1 e4 38. b3 Bg3 39. Nd2 exd3+ 40. Kxd3 Rd6+ 41. Ke2
Rxg6 42. Ne4 Be5 43. Kf3 Rg1 44. Rd7 Bb2 45. Rd5 Re1 46. Nxc5 Bf6 47. Ne4 Kg7
48. Rd7+ Kf8 49. Kf2 Rb1 50. Nxf6 Rf1+ 51. Ke2 Re1+ 52. Kd2 Re2+ 53. Kd1 Re1+
54. Kc2 Rc1+ 55. Kd3 Rc3+ 56. Ke4 1-0

[Event "9th Asrian Memorial 2016"]
[Site "Yerevan ARM"]
[Date "2016.06.18"]
[Round "3.6"]
[White "Oleksiyenko, Mykhaylo"]
[Black "Martirosyan, Haik M."]
[Result "1-0"]
[WhiteTitle "GM"]
[BlackTitle "IM"]
[WhiteElo "2615"]
[BlackElo "2443"]
[WhiteFideId "4152417"]
[BlackFideId "13306553"]
[EventDate "2016.06.16"]

1. d4 Nf6 2. c4 e6 3. g3 c5 4. d5 exd5 5. cxd5 b5 6. e4 Nxe4 7. Bg2 Nd6 8. Bf4
Be7 9. Nf3 O-O 10. O-O Na6 11. Re1 Nc7 12. Qc2 c4 13. Nc3 Re8 14. Ng5 Bxg5 15.
Bxd6 Bb7 16. Bxc7 Qxc7 17. Qf5 Be7 18. d6 Bxd6 19. Rxe8+ Rxe8 20. Nxb5 Re5 21.
Qxe5 1-0